Library Banner

Anderson's atlas of hematology / (Record no. 131980)

MARC details
000 -LEADER
fixed length control field 00686cam a2200217 i 4500
001 - CONTROL NUMBER
control field 21153986
005 - DATE AND TIME OF LATEST TRANSACTION
control field 20231027102615.0
008 - FIXED-LENGTH DATA ELEMENTS--GENERAL INFORMATION
fixed length control field 190823s2021 paua b 001 0 eng
020 ## - INTERNATIONAL STANDARD BOOK NUMBER
International Standard Book Number 9781975118259
040 ## - CATALOGING SOURCE
Transcribing agency PK-LaUMT
082 00 - DEWEY DECIMAL CLASSIFICATION NUMBER
Classification number 616.1500222
Edition number 23
Item number AND-A
100 1# - MAIN ENTRY--PERSONAL NAME
Personal name Anderson Young, Shauna Christine
245 10 - TITLE STATEMENT
Title Anderson's atlas of hematology /
Statement of responsibility, etc BY Shauna C. Anderson Young and Keila B. Poulsen
250 ## - EDITION STATEMENT
Edition statement 3rd ed.
260 ## - PUBLICATION, DISTRIBUTION, ETC. (IMPRINT)
Place of publication, distribution, etc Burlington :
Name of publisher, distributor, etc Jones & Bartlett Learning,
Date of publication, distribution, etc 2021
300 ## - PHYSICAL DESCRIPTION
Extent ix, 614 p. :
Other physical details color illustrations ;
Dimensions 26 cm
650 12 - SUBJECT ADDED ENTRY--TOPICAL TERM
Topical term or geographic name as entry element Hematologic Diseases
General subdivision pathology
650 22 - SUBJECT ADDED ENTRY--TOPICAL TERM
Topical term or geographic name as entry element Blood Cells
General subdivision pathology
700 1# - ADDED ENTRY--PERSONAL NAME
Personal name Poulsen, Keila,
942 ## - ADDED ENTRY ELEMENTS (KOHA)
Koha item type Books
Holdings
Withdrawn status Lost status Damaged status Home library Current library Date acquired Full call number Barcode Date last seen Price effective from Koha item type
      UMT Health Sciences Campus UMT Health Sciences Campus 2023-10-27 616.1500222 AND-A 145638 2023-10-27 2023-10-27 Books